000 00632cam a2200241 4500
001 M1760
008 090401t1993 xxu||||| |||| 00| 0 eng d
035 _a(Sirsi) u34297
041 _aeng
050 _a333.3370942
110 _aDrivers Jonas
_91941
245 _aUK property bulletin.
260 _aLondon
_bDrivers Jonas
_c1993
300 _a2 pt. ; 30cm.
350 _a0
520 _aIssued occasionally. Text in English and German.
650 _aLONDON
650 _aOFFICES
650 _aPROPERTY MARKET
690 _aPROPERTY-COMMERCIAL PROPERTY-COMMERCIAL PROPERTY MARKET
942 _n0
948 _c04/03/1997
999 _c89926
_d89926